000 00551nam a22001932 4500
001 0000004574
005 20151217155825.0
008 070525s xx 000 0 eng d
040 _aKABU
_cKABU
050 0 _aQH195
_b.A23C37
100 1 _aCarpenter, G. D. Hale.
_@0000155205
245 1 2 _aA Naturalist in East Africa.
260 _aOxford :
_bClarendon Press,
_c1925.
300 _a187 p.
650 0 _aNatural history
_zAfrica, East.
_@0000155206
908 _a070525
950 _@1
999 _c12904
_d12904